000 01317nam a2200301 i 4500
001 bg
100 1 _aCHAROY, Alain
245 1 0 _aZakłócenia w urządzeniach elektronicznych. :
_bzasady i porady instalacyjne.
_nT. 1,
_pŹródła, sprzężenia, skutki /
_cAlain Charoy ; z franc. przeł. Zbigniew Pochanke.
246 _iTyt. oryg.:
_aCompatibilité électromagnétique. Parasites et perturbations des électroniques. 1, Sources, couplages, effets. Régles et conseils d'installation
260 _aWarszawa :
_bWydawnictwa Naukowo-Techniczne,
_c1999.
300 _a173 s. :
_brys., wykr. ;
_c23 cm.
490 1 _aKompatybilność elektromagnetyczna
500 _aTyt. oryg.: "Compatibilité électromagnétique. Parasites et perturbations des électroniques. 1, Sources, couplages, effets. Régles et conseils d'installation" 1992.
650 9 _aElektronika
_xurządzenia
650 9 _aUkłady elektroniczne
650 9 _aZakłócenia radioelektryczne
655 _aPodręczniki
830 _aKompatybilność elektromagnetyczna
020 _a8320424283 (t.1)
020 _a8320424275 (całość)
040 _cBPK
041 1 _apl
_hfr
080 _a621.38(07)
920 _a83-204-2428-3 (t.1)
920 _a83-204-2427-5 (całość)
942 _cKS
008 s pl f |000 0 pol
999 _c36114
_d36114